000 00571cam a2200205ua 4500
001 10365
005 20260515114620.0
008 180625n ii |||gr||||Z||||||eng
020 _a9789386323002
040 _cMAIN
041 _aeng
082 _a030
100 _aAnsari, Md. Usmangani,
_eEditor.
245 _aMega yearbook 2017 :
_bcurrent affairs and general knowledge /
_cEd. by Md. Usmangani Ansari .
260 _aNew Delhi:
_bDisha publications,
_c2017.
300 _a550p.
653 _aGeneral encyclopedic works
653 _aYearbook 2017
942 _cBK
999 _c9346
_d9346